A través de la prehistoria /

Guardado en:
Autor Principal: Pérez, Mariluz E.
Formato: Libro
Publicado: Buenos Aires : Atl antida, 1952
Edición:2a. ed.
Materias:
Etiquetas: Agregar Etiqueta
Sin Etiquetas, Sea el primero en etiquetar este registro!
LEADER 00729nam a22002295a 4500
001 CEM.cems005196
005 20060220000000.0
008 130507s1952##################000#0#####d
003 CEMS
082 0 4 |a 571 
100 1 |a Pérez, Mariluz E. 
245 1 0 |a A través de la prehistoria / 
250 |a 2a. ed. 
260 |a Buenos Aires :  |b Atl antida,  |c 1952 
300 |a 247 p. 
505 0 |a Zonas de las pinturas rupestres.-Arte del Levante espa¤ol.-Arte franco- cantabrico.-Arte prehist¢rico africano.-India y Australia.- 
653 |a Antropologia 
653 |a Arqueologia 
653 |a Culturas prehistóricas 
653 |a Hombre fosil 
653 |a Prehistoria 
859 |a CEMS  |b BIB. CEMS - 11 de abril  |h 571  |i P515a2  |p 3513.75  |t Ej.1